Nombres premiers inférieure à 100 - Statistiques

Statistiques générales
  • Ce quiz a été pris 177 fois
  • Le résultat moyen est 24 sur 25
Statistiques - réponses
Chiffre % Correct
2
100%
3
100%
5
100%
7
100%
11
99%
13
99%
17
99%
19
99%
23
99%
29
98%
31
98%
37
97%
41
97%
43
97%
47
97%
53
96%
59
96%
61
95%
67
95%
71
95%
83
95%
89
95%
97
95%
73
94%
79
94%
Aucun quiz correspondant
Distribution des résultats
% des personnes avec chaque résultat
Percentile par nombre de réponses
Votre historique - résultats
Vous n’avez pas pris ce quiz